Score 0/18 Timer 02:00
0 Plays Today
♫ Hint ♫ ♫ 3-Letter ♫ % Correct
Spring monthMAY
94.2%
♫ ILLUMINATED ♫♫ LIT ♫
92.2%
Oolong or Earl Grey, e.g.TEA
91.1%
___ AvivTEL
90.8%
WagerBET
89.3%
♫ ___ MEETS WORLD ♫♫ BOY ♫
88.8%
Made the acquaintanceMET
88.2%
Christmas or Halloween, e.g.DAY
86.6%
Like Wayne or Abner?LIL
86.5%
♫ Hint ♫ ♫ 3-Letter ♫ % Correct
AridDRY
84.9%
♫ UP TO THE TIME OF ♫♫ TIL ♫
82.1%
Fledermaus or Louisville SluggerBAT
81.3%
To blemishMAR
79.2%
Horse colorBAY
77.3%
♫ SEA, TO THE FRENCH ♫♫ MER ♫
76.9%
La La preceederTRA
63.7%
♫ ___ HILL (90s R&B Group) ♫♫ DRU ♫
49%
Eliza Dushku's '___ Calling'TRU
47.5%

Today's Daily Dose

Missing Word
'T' Pairs

Word Ladder
Game Pieces

Get the Picture
Baseball Movies

Remove Ads.
Support Sporcle.
Get the best of Sporcle when you Go Orange. This ad-free experience offers more features, more stats, and more fun while also helping to support Sporcle. Thank you for becoming a member.

You're not logged in!

Compare scores with friends on all Sporcle quizzes.
OR
Log In

Show Comments

Extras

Top Quizzes Today


Score Distribution

Your Account Isn't Verified!

In order to create a playlist on Sporcle, you need to verify the email address you used during registration. Go to your Sporcle Settings to finish the process.

Report this User

Report this user for behavior that violates our Community Guidelines.

Details: